El equilibrio del éxito : (Registro nro. 6525)

Detalles MARC
000 -LEADER
fixed length control field 01094nam a22002537a 4500
003 - CONTROL NUMBER IDENTIFIER
control field OSt
005 - DATE AND TIME OF LATEST TRANSACTION
control field 20200214105652.0
008 - FIXED-LENGTH DATA ELEMENTS--GENERAL INFORMATION
fixed length control field 200214t2008 ck ad||f |||| 001 0 spa d
020 ## - INTERNATIONAL STANDARD BOOK NUMBER
International Standard Book Number 9789584526786
040 ## - CATALOGING SOURCE
Original cataloging agency CO-JMCR
Transcribing agency CO-JMCR
082 04 - DEWEY DECIMAL CLASSIFICATION NUMBER
Classification number 658.022 /
Item number S324e
100 1# - MAIN ENTRY--PERSONAL NAME
Personal name Schneer, Manuel,
Relator term autor
9 (RLIN) 602
245 13 - TITLE STATEMENT
Title El equilibrio del éxito :
Remainder of title claves para el óptimo desarrollo de tu empresa personal /
Statement of responsibility, etc. Manuel Scheneer
250 ## - EDITION STATEMENT
Edition statement Primera edición
260 ## - PUBLICATION, DISTRIBUTION, ETC.
Place of publication, distribution, etc. Bogotá :
Name of publisher, distributor, etc. Norma,
Date of publication, distribution, etc. c2008
300 ## - PHYSICAL DESCRIPTION
Extent 216 páginas :
Other physical details ilustraciones, gráficos a blanco y negro ;
Dimensions 23 cm.
500 ## - GENERAL NOTE
General note Datos biográficos del autor en solapa posterior.
505 ## - FORMATTED CONTENTS NOTE
Formatted contents note Los planos del bienestar -- Perfiles y tipologías para los diferentes planos del bienestar -- Ejercicios para los planos y tipologías del bienestar
520 ## - SUMMARY, ETC.
Summary, etc. Somo nuestra propia empresa y para alcanzar el éxito debemos enfocar con equilibrio y sentido empresarial nuestro vivir.
650 24 - SUBJECT ADDED ENTRY--TOPICAL TERM
Topical term or geographic name entry element Gestión empresarial
9 (RLIN) 603
650 24 - SUBJECT ADDED ENTRY--TOPICAL TERM
Topical term or geographic name entry element Nuevas empresas
9 (RLIN) 604
650 24 - SUBJECT ADDED ENTRY--TOPICAL TERM
Topical term or geographic name entry element Éxito en los negocios
9 (RLIN) 605
942 ## - ADDED ENTRY ELEMENTS (KOHA)
Source of classification or shelving scheme Dewey Decimal Classification
Koha item type Books
Existencias
Withdrawn status Lost status Source of classification or shelving scheme Damaged status Not for loan Home library Current library Date acquired Source of acquisition Cost, normal purchase price Total Checkouts Full call number Barcode Date last seen Date last checked out Copy number Price effective from Koha item type Shelving location
    Dewey Decimal Classification     Biblioteca Pública José María del Castillo y Rada Biblioteca Pública José María del Castillo y Rada 05/27/2019 Donación 0.00 1 658.022 / S324e 201809447 03/10/2026 03/10/2026 Ej.1 02/14/2020 Books  
    Dewey Decimal Classification     Biblioteca Pública José María del Castillo y Rada Biblioteca Pública José María del Castillo y Rada 04/15/2018 Donación 0.00   658.022 / S324e 201809921 05/16/2024   Ej.2 07/03/2020 Books General Stacks